000
00270nam a22001097a 4500
082
_a
629.2538 AUT'A
100
_a
AUTOEXPORT
_9
74828
245
_a
AUTOMOBILES FUELS OIL GREASES AND OPERATING FLUIDS
260
_a
MOSCOW
_b
AUTOEXPORT
_c
1960
300
_a
131P
942
_c
BK
999
_c
580335
_d
580335